Wappen Europa League Teams 2025/26 - Statistiken

Allgemein
  • Dieses Quiz wurde 146 mal gespielt
  • Das Durchschnittsergebnis liegt bei 29 aus 36
Antwortstatistiken
Bildquiz Antwort % Korrekt
AS Rom
99%
VfB Stuttgart
99%
Dinamo Zagreb
98%
RB Salzburg
98%
SC Freiburg
98%
FC Basel
97%
Olympique Lyon
96%
Young Boys Bern
95%
Nottingham Forest
93%
OSC Lille
93%
FC Porto
91%
Celtic Glasgow
90%
Glasgow Rangers
90%
Aston Villa
89%
Feyenoord Rotterdam
89%
Betis Sevilla
88%
Celta Vigo
88%
FC Bologna
87%
Roter Stern Belgrad
86%
KRC Genk
85%
Sturm Graz
84%
OGC Nizza
83%
Sporting Braga
82%
Viktoria Pilsen
81%
Fenerbahce SK
80%
Malmö FF
80%
FC Utrecht
74%
Maccabi Tel Aviv
70%
Panathinaikos Athen
68%
FCSB Bukarest
62%
PAOK Thessaloniki
61%
Ferencvaros Budapest
59%
Brann Bergen
57%
Go Ahead Eagles Deventer
48%
Ludogorez Rasgrad
44%
FC Midtjylland
39%
Keine übereinstimmenden Quizze gefunden
Verteilung der Resultate
Anzahl Personen mit jedem Resultat
Perzentil nach korrekt beantworteten Fragen
Ihre Resultats-Entwicklung
Sie haben dieses Quiz noch nicht gespielt